Statystyki dla Jupiler League

Kliknij tutaj aby rozwiązać quiz!

Ogólne statystyki

  • Ten quiz został rozwiązany 7 razy
  • Średni wynik to 10 z 16

Statystyki odpowiedzi

drużyna% Poprawnych
Club Brugge
100%
Anderlecht
86%
Cercle Brugge
86%
Genk
86%
Gent
86%
Standard Liege
86%
Westerlo
86%
Royal Antwerp
71%
Eupen
57%
Mechelen
57%
Kortrijk
43%
Leuven
43%
Royale Union Saint-Gilloise
43%
Charleroi
29%
St.Truiden
29%
RWDM
14%

Rozkład punktacji

Percentyl według liczby udzielonych odpowiedzi

Procent ludzi z każdym wynikiem

Twoja historia wyników

Nie rozwiązałeś tego quizu